00944nam a2200265 i 450000500170000000800410001702000150005804000350007308200170010810000440012524500570016925000220022626400350024830000620028333600270034533700330037233800280040550000400043365000420047365000470051565000460056265000400060894200150064899900150066320220317000155.0141031s2009 ck ao gs 000 0 spa d a9589798126 aCO-BoRNBPbspacCO-BoRNBPerda04a598.92bU73a1 aUribe Hurtado, Cristina,d1956-eautora10aAmelia Cantor, arauco de CañoverdecCristina Uribe aSegunda edición 1aBogotábCristina Uribec2009 a33 páginasbilustraciones, fotografías a colorc23 cm atextobtxt2rdacontent asin mediaciónbn2rdamedia avolumenbnc2rdacarrier aIncluye glosario al final del texto14aZoologíaxLiteratura infantil2LEMB14aAves tropicalesxLiteratura infantil2LEMB14aAvesxLiteratura infantilzColombia2LEMB14aLibros y lectura para niños2LEMB 2ddccBKINF c3304d3304